[Event "Arco op 41st"]
[Site "Arco"]
[Date "2019.10.08"]
[Round "5"]
[White "Beulertz, Stefan"]
[Black "Aimi, Luca"]
[Result "1-0"]
[WhiteElo "2035"]
[BlackElo "1921"]
[PlyCount "83"]
[EventDate "2019.10.04"]
[EventType "swiss"]
[EventRounds "9"]
[EventCountry "ITA"]
[SourceTitle "EXT 2020"]
[Source "ChessBase"]
[SourceDate "2019.10.17"]
[SourceVersion "1"]
[SourceVersionDate "2019.10.17"]
[SourceQuality "1"]

1. e4 e6 2. d3 d5 3. Qe2 Be7 4. Nf3 Nf6 5. g3 0-0 6. Bg2 c5 7. 0-0 Nc6 8. e5 Nd7 9. c4 Nb6 10. Nc3 a5 11. Rd1 a4 12. Nb5 Na7 13. Nxa7 Rxa7 14. h4 Bd7 15. Bg5 Bc6 16. d4 Bxg5 17. cxd5 Nxd5 18. Nxg5 cxd4 19. Qd3 g6 20. Qxd4 Ra5 21. Ne4 Qc7 22. Rac1 Rb5 23. Bf1 Rb4 24. Nf6+ Nxf6 25. Qxb4 Nd5 26. Qd4 Qa5 27. Rc5 Qa8 28. Rdc1 Rd8 29. Qg4 Ne7 30. Qg5 Nf5 31. Bg2 Bxg2 32. Qxd8+ Qxd8 33. Rc8 Kg7 34. Rxd8 Bd5 35. Rc7 Nd4 36. Rxd5 exd5 37. f4 Nf5 38. Kf2 b5 39. Rc5 b4 40. Rxd5 a3 41. bxa3 bxa3 42. Rd3 1-0

[Event "Cattolica Weekend 1st"]
[Site "Cattolica"]
[Date "2019.06.15"]
[Round "3"]
[White "Aimi, Luca"]
[Black "Cappai, Davide"]
[Result "0-1"]
[WhiteElo "1942"]
[BlackElo "2185"]
[PlyCount "76"]
[EventDate "2019.06.14"]
[EventType "swiss"]
[EventRounds "5"]
[EventCountry "ITA"]
[SourceTitle "CBM 191 Extra"]
[Source "ChessBase"]
[SourceDate "2019.09.30"]
[SourceVersion "1"]
[SourceVersionDate "2019.09.30"]
[SourceQuality "1"]

1. Nf3 c5 2. c4 g6 3. Nc3 Bg7 4. g3 Nc6 5. Bg2 Nh6 6. 0-0 0-0 7. d3 d6 8. Bd2 Rb8 9. Rb1 a6 10. Nh4 Bd7 11. Qc1 Ng4 12. h3 Nf6 13. Bh6 b5 14. Bxg7 Kxg7 15. b3 Nh5 16. Ne4 f5 17. Ng5 Nd4 18. Rb2 e5 19. Ngf3 Ne6 20. Nd2 Nhf4 21. Nb1 Nxg2 22. Nxg2 f4 23. Nc3 Nd4 24. g4 h5 25. f3 hxg4 26. hxg4 Rh8 27. e3 fxe3 28. Qxe3 Rh3 29. Ne4 Qe7 30. Ng5 Rh6 31. f4 Rbh8 32. fxe5 Rh1+ 33. Kf2 Rf8+ 34. Nf4 Rxf1+ 35. Kxf1 Qxg5 36. Rf2 Qxe5 37. Qd2 Bxg4 38. Nd5 Be2+ 0-1

[Event "Cattolica Weekend 1st"]
[Site "Cattolica"]
[Date "2019.06.15"]
[Round "2"]
[White "Mezentsev, Ivan"]
[Black "Aimi, Luca"]
[Result "1-0"]
[WhiteElo "2281"]
[BlackElo "1942"]
[PlyCount "49"]
[EventDate "2019.06.14"]
[EventType "swiss"]
[EventRounds "5"]
[EventCountry "ITA"]
[SourceTitle "CBM 191 Extra"]
[Source "ChessBase"]
[SourceDate "2019.09.30"]
[SourceVersion "1"]
[SourceVersionDate "2019.09.30"]
[SourceQuality "1"]

1. Nf3 e6 2. c4 c5 3. Nc3 Nc6 4. e3 Nf6 5. b3 d5 6. cxd5 exd5 7. Bb2 a6 8. Rc1 Be7 9. d4 0-0 10. Be2 b5 11. dxc5 Bxc5 12. 0-0 Be7 13. Bd3 Bg4 14. Nxb5 axb5 15. Rxc6 Rxa2 16. Qb1 Rxb2 17. Qxb2 Bxf3 18. gxf3 Qd7 19. Rfc1 Qh3 20. Qe5 Ba3 21. Ra1 b4 22. Qg3 Qh6 23. h4 Qh5 24. Rxf6 Bb2 25. Rf5 1-0

[Event "Ascona op 14th"]
[Site "Ascona"]
[Date "2019.04.28"]
[Round "5"]
[White "Aimi, Luca"]
[Black "Chibukhchian, Artur"]
[Result "1/2-1/2"]
[WhiteElo "1897"]
[BlackElo "2384"]
[PlyCount "20"]
[EventDate "2019.04.26"]
[EventType "swiss"]
[EventRounds "5"]
[EventCountry "SUI"]
[SourceTitle "CBM 190 Extra"]
[Source "ChessBase"]
[SourceDate "2019.07.15"]
[SourceVersion "1"]
[SourceVersionDate "2019.07.15"]
[SourceQuality "1"]

1. d4 d5 2. c4 dxc4 3. Nf3 Nf6 4. e3 Bg4 5. Bxc4 e6 6. 0-0 a6 7. a4 Nc6 8. Nc3 Bd6 9. h3 Bh5 10. Ne2 0-0 1/2-1/2

[Event "Ascona op 14th"]
[Site "Ascona"]
[Date "2019.04.27"]
[Round "2"]
[White "Aimi, Luca"]
[Black "Luciani, Valerio"]
[Result "1-0"]
[WhiteElo "1897"]
[BlackElo "2175"]
[PlyCount "63"]
[EventDate "2019.04.26"]
[EventType "swiss"]
[EventRounds "5"]
[EventCountry "SUI"]
[SourceTitle "CBM 190 Extra"]
[Source "ChessBase"]
[SourceDate "2019.07.15"]
[SourceVersion "1"]
[SourceVersionDate "2019.07.15"]
[SourceQuality "1"]

1. d4 f5 2. Bf4 d6 3. Nf3 Nf6 4. e3 g6 5. Be2 Bg7 6. c3 0-0 7. h3 Qe8 8. 0-0 h6 9. Na3 Kh8 10. Nb5 Na6 11. Na3 c6 12. Bxa6 bxa6 13. Nc4 Be6 14. Na5 Rb8 15. b4 g5 16. Bh2 g4 17. hxg4 fxg4 18. Nd2 Rb5 19. a3 Rg5 20. Qe2 h5 21. f4 Rxa5 22. bxa5 h4 23. f5 Bc8 24. Bf4 Qh5 25. e4 Nh7 26. Nc4 Rg8 27. Rab1 d5 28. Ne5 Nf6 29. Ng6+ Kh7 30. Nxe7 Nxe4 31. f6 Re8 32. Nxc8 1-0

[Event "Senigallia op 6th"]
[Site "Senigallia"]
[Date "2009.07.25"]
[Round "6"]
[White "Occhipinti, Giuseppe"]
[Black "Aimi, Luca"]
[Result "1-0"]
[WhiteElo "1980"]
[BlackElo "1945"]
[PlyCount "51"]
[EventDate "2009.07.20"]
[EventType "swiss"]
[EventRounds "7"]
[EventCountry "ITA"]
[SourceTitle "EXT 2012"]
[Source "ChessBase"]
[SourceDate "2011.11.24"]
[SourceVersion "1"]
[SourceVersionDate "2011.11.24"]
[SourceQuality "1"]

1. e4 e6 2. d4 d5 3. Nc3 Bb4 4. e5 c5 5. a3 Bxc3+ 6. bxc3 Ne7 7. Nf3 Bd7 8. a4 Qa5 9. Qd2 Nbc6 10. Ba3 cxd4 11. cxd4 Qxd2+ 12. Kxd2 Nf5 13. c3 Na5 14. Rb1 b6 15. Bd3 Ne7 16. Rhc1 Rc8 17. Ba6 Nc4+ 18. Bxc4 Rxc4 19. a5 b5 20. a6 Ra4 21. Bc5 Rxa6 22. Ra1 Rxa1 23. Rxa1 Nc8 24. Ne1 Nb6 25. Bxb6 axb6 26. Ra8+ 1-0